Southville International School and Colleges
Your cart is empty.
  • Cart
  • Lists
    Public lists Eva Luna New books Lux_list list_1
    Your lists Log in to create your own lists
  • Log in to your account
  • Your cookies
  • Search history
Southville International School and Colleges
  • Advanced search
  • Recent comments
  • Most popular
  • Libraries

Log in to your account

Log in with GOOGLE


If you do not have an external account, but do have a local account, you can still log in:

  1. Home
  2. MARC view: Married to the brand :
Normal view MARC view ISBD view

Married to the brand : (Record no. 288210)

[ view plain ]
MARC details
000 -LEADER
fixed length control field 00569nam a2200169Ia 4500
008 - FIXED-LENGTH DATA ELEMENTS--GENERAL INFORMATION
fixed length control field 150610s9999 xx 000 0 und d
020 ## - INTERNATIONAL STANDARD BOOK NUMBER
International Standard Book Number 1595620095
050 ## - LIBRARY OF CONGRESS CALL NUMBER
Classification number HF5415.32
Item number .M397 2005
100 ## - MAIN ENTRY--PERSONAL NAME
Personal name McEwen, William J.
245 ## - TITLE STATEMENT
Title Married to the brand :
Remainder of title why consumers bond with the psychology of consumer relationships /
Statement of responsibility, etc by William J. McEwen.
250 ## - EDITION STATEMENT
Edition statement 1st ed.
260 ## - PUBLICATION, DISTRIBUTION, ETC. (IMPRINT)
Place of publication, distribution, etc New York :
Name of publisher, distributor, etc Gallup,
Date of publication, distribution, etc 2005.
300 ## - PHYSICAL DESCRIPTION
Extent 134pages :
Other physical details illustrations ;
Dimensions 23 cm.
520 ## - SUMMARY, ETC.
Summary, etc Brand loyalty.
650 ## - SUBJECT ADDED ENTRY--TOPICAL TERM
General subdivision Consumers' preferences.
650 ## - SUBJECT ADDED ENTRY--TOPICAL TERM
General subdivision Product management.
Holdings
Withdrawn status Lost status Damaged status Home library Current library Shelving location Date acquired Total Checkouts Full call number Barcode Date last seen Price effective from Koha item type
      Stonyhurst Southville International School (Batangas) Stonyhurst Southville International School (Batangas) High School Section 06/10/2015   HF5415.32.M397 2005 US-1527 06/10/2015 06/10/2015 Books

Married to the brand :

APA

McEwen W. J., . (2005). Married to the brand. New York: Gallup.

Chicago

McEwen William J, . 2005. Married to the brand. New York: Gallup.

Harvard

McEwen W. J., . (2005). Married to the brand. New York: Gallup.

MLA

McEwen William J, . Married to the brand. New York: Gallup. 2005.

  • Place hold
  • Print
  • Cite
  • Add to your cart (remove)
  • Save record
    BIBTEX Dublin Core MARCXML MARC (non-Unicode/MARC-8) MARC (Unicode/UTF-8) MARC (Unicode/UTF-8, Standard) MODS (XML) RIS
  • More searches
    Search for this title in:
    Other Libraries (WorldCat) Other Databases (Google Scholar) Online Stores (Bookfinder.com) Open Library (openlibrary.org)

Exporting to Dublin Core...

SOUTHVILLE LIBRARY

Southville International School and Colleges Library

1281 Tropical Ave. Cor. Luxembourg St., BF Homes International, Las Pinas City

Tel. No. 8256374 / 252358 Loc. 117/146

Powered by Koha